000 00221 a2200097 4500
000 nam a22 7a 4500
005 20260302121415.0
100 _aMistry, Rohinton
_91123466
245 _aA Fine Balance
942 _cTEXL
999 _c1688374
_d1688374